[Event "Thursday Knighter I: PREMIER"]
[Site "Minneapolis, MN"]
[Date "2018.01.04"]
[Round "1.1"]
[White "Hoover, Nathan"]
[Black "Thomson, Aaron"]
[Result "1-0"]
[WhiteElo "1979"]
[BlackElo "1528"]

1. e4 e5 2. Nf3 Nc6 3. Bc4 Bc5 4. d3 Nf6 5. O-O d6 6. c3 h6 7. Bb3 O-O 8. Nbd2
Qe7 9. h3 Be6 10. Re1 Nd7 11. Nf1 Bb6 12. Ng3 Qf6 13. Nh5 Qe7 14. Ng3 Qf6 15.
Nh5 Qe7 16. g4 Kh7 17. Ng3 g6 18. Qd2 Rh8 19. Kg2 Kg7 20. Qe2 Nc5 21. Bc2 Qf6
22. Rh1 Qe7 23. b4 Nd7 24. Bb3 Bxb3 25. axb3 Qe6 26. Ra3 a6 27. Nd2 Na7 28.
Ra2 Nb5 29. Rc2 a5 30. bxa5 Bxa5 31. b4 Bb6 32. Nc4 d5 33. exd5 Qxd5+ 34. f3
Nd6 35. Nd2 c5 36. c4 Qe6 37. b5 Bd8 38. h4 f5 39. h5 Bg5 40. hxg6 Qxg6 41.
Bb2 Rae8 42. Ra1 Bf4 43. Nh5+ Kf7 44. Kh3 Nf6 45. Nxf4 exf4 46. Qg2 fxg4+ 47.
fxg4 Qxd3+ 48. Nf3 Re3 49. Rf1 Nxc4 50. Rc3 h5 51. g5 Qf5+ 52. Kh2 Nxb2 53.
Rxe3 Ng4+ 54. Kh1 Nxe3 55. Qxb2 Re8 56. Rg1 Qh3+ 57. Nh2 Re6 58. Qd2 Re7
{time} {#r} 1-0

[Event "Thursday Knighter I: PREMIER"]
[Site "Minneapolis, MN"]
[Date "2018.01.04"]
[Round "1.2"]
[White "Newhall, Peter"]
[Black "Voje, Daniel"]
[Result "0-1"]
[WhiteElo "1067"]
[BlackElo "1638"]

1. d4 Nf6 2. Nf3 e6 3. e3 c5 4. Bd3 Nc6 5. O-O b6 6. c4 Be7 7. Nc3 O-O 8. d5
exd5 9. cxd5 Na5 10. e4 d6 11. h3 Nd7 12. Bf4 f6 13. Ne2 Ne5 14. Ng3 Nac4 15.
Bxc4 Nxc4 16. Qc2 Ne5 17. Nd2 Qe8 18. Be3 Ba6 19. Rfd1 Qg6 20. Nf5 Rfe8 21. f4
Bd3 22. Qc3 Bxe4 23. Nxe7+ Rxe7 24. Nxe4 Qxe4 25. fxe5 Rxe5 26. Bf2 Rxd5 27.
Re1 Qd3 28. Rad1 Qxc3 29. bxc3 Rxd1 30. Rxd1 Rd8 31. Rd5 Kf7 32. c4 Ke6 33.
Kf1 a6 34. Ke2 Rd7 35. Kd3 b5 36. Kc3 bxc4 37. Kxc4 Rb7 38. Rd2 Rb4+ 39. Kc3
d5 40. a3 d4+ 41. Kc2 Rc4+ 42. Kb2 Kd5 43. Rd3 Ra4 44. Kb3 Ra5 45. Kb2 Rb5+
46. Kc2 Rb7 47. Rf3 Re7 48. Rf5+ Kc4 49. Kd2 Re6 50. Bg3 g6 51. Rf1 Rb6 52.
Rc1+ Kd5 53. Bc7 Rb3 54. a4 c4 55. Bd8 f5 56. Bf6 Rg3 57. Rg1 Ra3 58. g4 Rxa4
59. gxf5 Ra2+ 60. Ke1 Ra1+ 61. Kf2 Rxg1 62. Kxg1 gxf5 63. Kf2 c3 64. Ke2 Kc4
65. Kd1 f4 66. Kc1 f3 67. Bh4 a5 68. Be1 a4 69. h4 a3 70. Kb1 d3 71. h5 d2 72.
Bxd2 cxd2 73. Kc2 a2 74. h6 a1=Q 75. Kxd2 Qg1 76. Kc2 Qf2+ 77. Kd1 Kc3 78. Kc1
Qc2# 0-1

[Event "Thursday Knighter I: PREMIER"]
[Site "Minneapolis, MN"]
[Date "2018.01.04"]
[Round "1.3"]
[White "Louie, Terry"]
[Black "McNeil, John"]
[Result "1-0"]
[WhiteElo "1506"]
[BlackElo "1757"]

1. d4 d6 2. c4 Nf6 3. Nc3 g6 4. Bg5 Bg7 5. e4 O-O 6. Qd2 c5 7. d5 Re8 8. Bd3
a6 9. Nge2 b5 10. cxb5 axb5 11. Bxb5 Bd7 12. Bc4 Na6 13. O-O Qb6 14. Rab1 Nc7
15. f4 Qb4 16. Qd3 e6 17. Ng3 exd5 18. exd5 Rab8 19. a3 Qb6 20. f5 Ncxd5 21.
Nxd5 Nxd5 22. Qxd5 Bd4+ 23. Kh1 Rf8 24. fxg6 Bc6 25. gxf7+ Kh8 26. Qe6 Bxg2+
27. Kxg2 d5 28. Qxb6 Rxb6 29. Bxd5 Rxb2+ 30. Rxb2 Bxb2 31. a4 {#r} 1-0

[Event "Thursday Knighter I: PREMIER"]
[Site "Minneapolis, MN"]
[Date "2018.01.11"]
[Round "2.1"]
[White "Voje, Daniel"]
[Black "Hoover, Nathan"]
[Result "1-0"]
[WhiteElo "1638"]
[BlackElo "1979"]

1. e4 c6 2. d4 d5 3. e5 Bf5 4. g4 Bc8 5. c3 h5 6. Be2 hxg4 7. Bxg4 Nh6 8. Bh3
Bxh3 9. Nxh3 Nf5 10. Nf4 e6 11. Nd2 c5 12. Nf3 Nc6 13. Be3 g5 14. Ne2 g4 15.
Nfg1 cxd4 16. Bxd4 Qc7 17. f4 g3 18. Nf3 g2 19. Rg1 Rh3 20. Qd3 Nh4 21. Ng3
Nxd4 22. Nxd4 Rxh2 23. O-O-O Bc5 24. Kb1 O-O-O 25. Nge2 Rg8 26. b4 Bf8 27. Rc1
Kb8 28. c4 Bxb4 29. cxd5 Qb6 30. Ka1 Bc5 31. dxe6 fxe6 32. Rb1 Bxd4+ 33. Nxd4
Rh1 34. Rxh1 gxh1=Q 35. Rxh1 Rg3 36. Qc4 Ng6 37. Rb1 Qc7 38. Nc6+ Ka8 39. Qxe6
{#r} 1-0

[Event "Thursday Knighter I: PREMIER"]
[Site "Minneapolis, MN"]
[Date "2018.01.11"]
[Round "2.2"]
[White "Britt, Thomas"]
[Black "Babcock, Thomas"]
[Result "0-1"]
[WhiteElo "1460"]
[BlackElo "2030"]

1. d4 d5 2. c4 e6 3. Nf3 Nf6 4. g3 c5 5. cxd5 exd5 6. Nc3 Nc6 7. Bg2 Be7 8.
O-O O-O 9. Bg5 cxd4 10. Nxd4 h6 11. Be3 Re8 12. Rc1 Bg4 13. Qd3 Qd7 14. Nxc6
bxc6 15. Na4 Bh3 16. Nc5 Bxc5 17. Bxc5 Bxg2 18. Kxg2 Ne4 19. Bd4 Rac8 20. Be3
Re5 21. h4 Rce8 22. Bf4 Rf5 23. f3 Nf6 24. Qd2 Nh5 25. Be3 Rfe5 26. Rc3 Qe6
27. Kf2 c5 28. Re1 d4 29. Bxd4 cxd4 30. Rc2 Qh3 31. Rg1 Qh2+ 32. Rg2 Rxe2+ 33.
Qxe2 Rxe2+ 34. Rxe2 Qh3 35. Re8+ Kh7 36. Rd8 Qe6 37. Rxd4 Qxa2 38. Kg1 Qb1+
39. Kh2 Qf1 40. g4 Nf6 41. Rf4 Qe1 42. Rf5 Qxh4+ 43. Kg1 Qe1+ 44. Kh2 Qe6 45.
Rd2 g6 46. Rb5 Qe3 {#R} 0-1

[Event "Thursday Knighter I: PREMIER"]
[Site "Minneapolis, MN"]
[Date "2018.01.11"]
[Round "2.3"]
[White "Wisniewski, Vincent"]
[Black "Newhall, Peter"]
[Result "1/2-1/2"]
[WhiteElo "1432"]
[BlackElo "1067"]

1. d4 f5 2. Nc3 Nf6 3. Bg5 d5 4. Bxf6 exf6 5. e3 Be6 6. Bd3 Nc6 7. a3 Qd7 8.
Nge2 g5 9. O-O O-O-O 10. b3 h5 11. Na4 Bd6 12. Nc5 Qe7 13. Nxe6 Qxe6 14. c4
Bf8 15. Qc2 Ne7 16. cxd5 Qxd5 17. Rfc1 c6 18. Nc3 Qd7 19. b4 Kb8 20. Na4 f4
21. Nc5 Qd6 22. Ne4 Qe6 23. Nc5 Qd6 24. Ne4 {#d} 1/2-1/2

[Event "Thursday Knighter I: OPEN"]
[Site "Minneapolis, MN"]
[Date "2018.01.11"]
[Round "2.5"]
[White "Hale, Roger"]
[Black "Landman, Kevin"]
[Result "1-0"]
[WhiteElo "1979"]
[BlackElo "1506"]

1. e4 c5 2. Nf3 e6 3. d4 cxd4 4. Nxd4 a6 5. Bd3 Bc5 6. Be3 d6 7. O-O e5 8. Nf5
Bxe3 9. Nxe3 Nf6 10. Nc3 b5 11. Ncd5 Bb7 12. Qf3 Nbd7 13. Nf5 Nb6 14. Nxb6
Qxb6 15. Nxg7+ Ke7 16. Nf5+ Kf8 17. Rad1 Rg8 18. Rfe1 d5 19. h3 dxe4 20. Bxe4
Bxe4 21. Rxe4 Nxe4 22. Qxe4 Qa7 23. Qb4+ Ke8 24. Nd6+ Kf8 25. Nc8+ {#r} 1-0

[Event "Thursday Knighter I: PREMIER"]
[Site "Minneapolis, MN"]
[Date "2018.01.18"]
[Round "3.1"]
[White "Babcock, Thomas"]
[Black "Voje, Daniel"]
[Result "0-1"]
[WhiteElo "2030"]
[BlackElo "1638"]

1. e4 c6 2. d4 d5 3. exd5 cxd5 4. c4 Nf6 5. Nc3 Nc6 6. Nf3 a6 7. Bg5 Be6 8.
Rc1 Qa5 9. Qa4 dxc4 10. Qxa5 Nxa5 11. Be2 Nd5 12. O-O Nxc3 13. Rxc3 Bd5 14.
Rfc1 e6 15. a3 b5 16. Bf4 Be7 17. b4 cxb3 18. Bc7 Bd8 19. Bd6 Nb7 20. Bc5 Nxc5
21. dxc5 Bf6 22. Re3 O-O 23. Ne5 Bg5 {#R} 0-1

[Event "Thursday Knighter I: PREMIER"]
[Site "Minneapolis, MN"]
[Date "2018.01.18"]
[Round "3.2"]
[White "Hoover, Nathan"]
[Black "Louie, Terry"]
[Result "1-0"]
[WhiteElo "1979"]
[BlackElo "1506"]

1. e4 d6 2. d4 c5 3. Nf3 Nc6 4. d5 Nb8 5. c4 Nd7 6. Nc3 Ngf6 7. Be2 g6 8. O-O
Bg7 9. h3 O-O 10. Bf4 a6 11. a4 Qc7 12. Qd2 Re8 13. Rfd1 b6 14. Bh6 Bb7 15.
Nh4 e6 16. dxe6 Rxe6 17. f3 Rd8 18. Bg5 Rde8 19. Bd3 Bc6 20. Nd5 Nxd5 21. cxd5
Bxd5 22. exd5 Bd4+ 23. Kh1 {#r} 1-0

[Event "Thursday Knighter I: PREMIER"]
[Site "Minneapolis, MN"]
[Date "2018.01.18"]
[Round "3.3"]
[White "Thomson, Aaron"]
[Black "Britt, Thomas"]
[Result "0-1"]
[WhiteElo "1528"]
[BlackElo "1460"]

1. e4 c5 2. Nf3 d6 3. Bb5+ Nd7 4. d4 a6 5. Bxd7+ Bxd7 6. Be3 Nf6 7. Nc3 cxd4
8. Qxd4 Bc6 9. O-O e5 10. Qd3 h6 11. Nd2 Be7 12. Nc4 b5 13. Nb6 Rb8 14. Nbd5
Bxd5 15. Nxd5 Nxd5 16. Qxd5 Qc7 17. f4 O-O 18. fxe5 dxe5 19. Rf5 Rbd8 20. Qb3
Bc5 21. Raf1 Rd2 22. Bxc5 Qxc5+ 23. Kh1 Qc7 24. c3 Re2 25. Qd5 Rxb2 26. Rxe5
Rd8 27. Qc5 Qxc5 28. Rxc5 Rdd2 29. Rc8+ Kh7 30. h3 Rxg2 31. Rxf7 Rge2 32. Kg1
Re1+ 33. Rf1 Rxe4 34. a3 Ra2 35. Rc7 Ree2 36. Rff7 Ra1+ 37. Rf1 Rxa3 38. Rff7
Ra1+ 39. Rf1 Rxf1+ 40. Kxf1 Re3 {#R} 0-1

[Event "Thursday Knighter I: OPEN"]
[Site "Minneapolis, MN"]
[Date "2018.01.18"]
[Round "3.2"]
[White "Wijetunge, Ivan"]
[Black "Svenson, Michael"]
[Result "1/2-1/2"]
[WhiteElo "2055"]
[BlackElo "1528"]

1. d4 d5 2. Bf4 c5 3. e3 cxd4 4. exd4 Nc6 5. c3 Bf5 6. Nf3 e6 7. Qb3 Qd7 8.
Bb5 Bd6 9. Ne5 Bxe5 10. Bxe5 Nf6 11. Nd2 a6 12. Qa3 Qc8 13. Bxc6+ Qxc6 14. O-O
Nd7 15. Bg3 Nb6 16. Rac1 Nc4 17. Nxc4 dxc4 18. Rfe1 Be4 19. f3 Bd5 20. Re2 g5
21. Be5 Rg8 22. Bf6 Qc7 23. Re5 g4 24. fxg4 Rxg4 25. Rxd5 exd5 26. Re1+ Re4
27. Rf1 {#d} 1/2-1/2

[Event "Thursday Knighter I: OPEN"]
[Site "Minneapolis, MN"]
[Date "2018.01.18"]
[Round "3.3"]
[White "Wisniewski, Vincent"]
[Black "Berg, Vincent"]
[Result "1-0"]
[WhiteElo "1432"]
[BlackElo "1702"]

1. d4 e6 2. c4 f5 3. Nc3 Nf6 4. Bg5 Be7 5. e3 b6 6. Bd3 Bb7 7. f3 O-O 8. Nge2
h6 9. Bh4 d5 10. Bg3 Nh5 11. Qc2 Nc6 12. a3 Qd7 13. cxd5 exd5 14. Nxd5 Nxd4
15. Nxe7+ Qxe7 16. exd4 Nxg3 17. hxg3 Rad8 18. Kf2 Rfe8 19. Qd2 Bc8 20. Bc4+
Kh8 21. Rxh6+ gxh6 22. Qxh6+ Qh7 23. Qf6+ Qg7 24. Rh1# 1-0

[Event "Thursday Knighter I: OPEN"]
[Site "Minneapolis, MN"]
[Date "2018.01.18"]
[Round "3.4"]
[White "Melander, Robert"]
[Black "Myrin, Norman"]
[Result "1-0"]
[WhiteElo "1541"]
[BlackElo "1974"]

1. e4 e5 2. Nf3 Nc6 3. Bc4 Be7 4. c3 Nf6 5. d3 d6 6. O-O O-O 7. Bg5 Ng4 8.
Bxe7 Qxe7 9. h3 Nf6 10. Nfd2 a6 11. f4 exf4 12. Rxf4 Ne5 13. Qe2 Be6 14. Bxe6
Qxe6 15. d4 Ng6 16. Rf1 Rae8 17. Re1 Nf4 18. Qf3 Ng6 19. Na3 Qd7 20. Nc2 Qb5
21. b3 Qg5 22. Rad1 Nh4 23. Qf2 Nh5 24. Nf3 Nxf3+ 25. Qxf3 Re6 26. Re3 c6 27.
d5 Rf6 28. Qg4 Qxg4 29. hxg4 Nf4 30. dxc6 bxc6 31. Nb4 c5 32. Nd5 Nxd5 33.
Rxd5 Re6 34. Kf2 Rfe8 35. Kf3 Kf8 36. Kf4 f6 37. b4 g5+ 38. Kf3 Rc8 39. Red3
Ke7 40. bxc5 Rxc5 41. Rxc5 dxc5 42. Rd5 Re5 43. Rd1 Re6 44. Rh1 Kd6 45. Rxh7
Ke5 46. Rc7 Kd6 47. Ra7 Ke5 48. Ke3 Rd6 49. Rc7 {black's time expired} {#r}
1-0

[Event "Thursday Knighter I: OPEN"]
[Site "Minneapolis, MN"]
[Date "2018.01.18"]
[Round "3.5"]
[White "Lothrop, Bill"]
[Black "Lochridge, Charles"]
[Result "0-1"]
[WhiteElo "1209"]
[BlackElo "1209"]

1. e4 c5 2. Nf3 Nc6 3. Bc4 d6 4. h3 Nf6 5. d3 g6 6. Bf4 Bg7 7. Qd2 h5 8. c3
Bd7 9. a4 e5 10. Bg5 Qe7 11. Na3 Na5 12. Qc2 Nxc4 13. dxc4 Bc6 14. O-O a6 15.
Rad1 O-O 16. Rfe1 {Game score incomplete.} {#R} 0-1

[Event "Thursday Knighter I: OPEN"]
[Site "Minneapolis, MN"]
[Date "2018.01.18"]
[Round "3.6"]
[White "Heinisch, Michael"]
[Black "Hale, Roger"]
[Result "1-0"]
[WhiteElo "1300"]
[BlackElo "1979"]

1. e4 e6 2. d4 d5 3. e5 c5 4. c3 Qb6 5. Nf3 Nc6 6. Bd3 Bd7 7. O-O cxd4 8. cxd4
Nxd4 9. Nxd4 Qxd4 10. Nc3 Qxe5 11. Re1 Qb8 12. Qf3 Be7 13. Bf4 Qd8 14. Nb5
Bxb5 15. Bxb5+ Kf8 16. Rac1 Rc8 17. Rxc8 Qxc8 18. Rc1 Qd8 19. Rc7 Nf6 20. Rxb7
Qa5 21. Rb8+ Bd8 22. Bd6+ Kg8 23. Qc3 Qxc3 24. Rxd8+ Ne8 25. Rxe8# 1-0

[Event "Thursday Knighter I: OPEN"]
[Site "Minneapolis, MN"]
[Date "2018.01.18"]
[Round "3.7"]
[White "Kroells, Ty"]
[Black "McGrath, Dennis"]
[Result "1/2-1/2"]
[WhiteElo "1924"]
[BlackElo "1645"]

1. e4 e6 2. d4 d5 3. e5 c5 4. c3 Nc6 5. Nf3 Bd7 6. Be2 Rc8 7. O-O Qb6 8. b3
cxd4 9. cxd4 Na5 10. Ba3 Bxa3 11. Nxa3 Qb4 12. Nc2 Qb6 13. Rc1 Ne7 14. Qd2 O-O
15. Ne3 Bb5 16. Rc2 Rxc2 17. Nxc2 Bxe2 18. Qxe2 Rc8 19. Qd2 Qc7 20. Ne3 Qc3
21. Rd1 Qxd2 22. Rxd2 Rc1+ 23. Rd1 Rxd1+ 24. Nxd1 Nac6 25. Ne3 Nb4 26. a3 Nd3
27. Kf1 a5 28. Nd2 Nc6 29. Nc2 Nf4 30. g3 Ng6 31. f4 Kf8 32. Ke2 Ke7 33. Nf3
h6 34. h4 Kd7 35. h5 Nge7 36. g4 Na7 37. Kd3 Nec6 38. g5 Ne7 39. Nh4 Nac6 40.
Kc3 b6 41. b4 Ke8 42. b5 Nb8 43. a4 Nd7 44. Ne3 Ng8 45. Ng4 Ke7 46. Kd3 f6 47.
g6 f5 48. Ne3 Nf8 49. Kc3 Nd7 50. Kd3 Kf8 51. Kc3 Ne7 52. Nf3 Ke8 53. Nc2 Nf8
54. Nh4 Kd7 55. Kd3 Kc7 56. Kc3 Nd7 57. Kd3 Nf8 58. Kc3 Ng8 59. Ne3 Ne7 60.
Kd3 Kc8 61. Kc3 Nd7 62. Kd3 Kc7 63. Kc3 Kd8 {#d} 1/2-1/2

[Event "Thursday Knighter I: OPEN"]
[Site "Minneapolis, MN"]
[Date "2018.01.18"]
[Round "3.8"]
[White "Landman, Kevin"]
[Black "Heinisch, Steven"]
[Result "1-0"]
[WhiteElo "1506"]
[BlackElo "1300"]

1. d4 d5 2. c4 e6 3. Nc3 Nf6 4. Bg5 Be7 5. e3 O-O 6. Nf3 h6 7. Bf4 c6 8. h3
Nbd7 9. cxd5 exd5 10. Bd3 Re8 11. Qc2 Nf8 12. O-O Be6 13. Rfc1 Bd6 14. Ne5
Bxe5 15. Bxe5 N8d7 16. Bh2 Rc8 17. Na4 Qe7 18. b4 Nb6 19. Nxb6 axb6 20. a3 Nd7
21. Qb2 c5 22. bxc5 bxc5 23. Qxb7 c4 24. Bc2 Ra8 25. a4 Qd8 26. Rcb1 {black's
time expired} {#r} 1-0

[Event "Exerciser Quad 1: SECTION 1 (1936)"]
[Site "Minneapolis, MN"]
[Date "2018.01.20"]
[Round "1.1"]
[White "Hoover, Nathan"]
[Black "Gisselquist, Peter"]
[Result "0-1"]
[WhiteElo "1979"]
[BlackElo "1018"]

1. e4 e5 2. f4 d5 3. exd5 e4 4. Nc3 Nf6 5. d3 Bb4 6. dxe4 Nxe4 7. Qd3 O-O 8.
Be2 Re8 9. Bd2 Nxd2 10. Qxd2 Bg4 11. O-O-O Bxe2 12. Ngxe2 Na6 13. a3 Ba5 14.
Qd4 Bb6 15. Qc4 Be3+ 16. Kb1 Qd7 17. g3 Qf5 18. Nd4 Qh5 19. Qe2 Qh6 20. Nf5
Qb6 21. Rhe1 {#R} 0-1

[Event "Exerciser Quad 1: SECTION 1 (1936)"]
[Site "Minneapolis, MN"]
[Date "2018.01.20"]
[Round "1.2"]
[White "Azar, Steven"]
[Black "Lee, Alice"]
[Result "1-0"]
[WhiteElo "2062"]
[BlackElo "1974"]

1. c4 g6 2. g3 Bg7 3. Bg2 c5 4. Nc3 Nc6 5. a3 e6 6. Rb1 Nge7 7. b4 cxb4 8.
axb4 Qc7 9. Bb2 O-O 10. Nb5 Qb8 11. Bxg7 Kxg7 12. Nf3 a6 13. Nc3 b5 14. Qb3
Nf5 15. Qb2 bxc4 16. Ne4+ e5 17. Nc3 f6 18. O-O d6 19. e4 Nfd4 20. Nxd4 Nxd4
21. Nd5 Be6 22. Ne3 Qb5 23. Nc2 Nxc2 24. Qxc2 Rfd8 25. Rfd1 d5 26. exd5 Bf5
27. Be4 Bxe4 28. Qxe4 Qxd5 29. Qc2 Qd3 30. Rdc1 Rac8 31. Qxd3 cxd3 32. f3 Rc2
33. Rd1 e4 34. fxe4 Rd4 35. Rb3 Kf7 36. Kf2 Rc6 37. Ke3 Rcd6 38. Rc1 Ke6 39.
Rc5 h5 40. h4 Rd7 41. Rc6+ Ke5 42. Rc5+ Ke6 43. Rc8 R7d6 44. Re8+ Kf7 45. Rc8
Ke6 46. Rc5 Rd7 47. b5 axb5 48. Rbxb5 Ra4 49. Rb6+ Ke7 50. Rcc6 Rdd4 51. Rb7+
Kd8 52. Rxf6 Rxe4+ 53. Kf3 Kc8 54. Rb3 Re1 55. Rc3+ Kb7 56. Rxg6 Rd4 57. Rg5
Rf1+ 58. Ke3 Rd7 59. Rxd3 Rdf7 60. Kd4 {#r} 1-0

[Event "Exerciser Quad 1: SECTION 1 (1936)"]
[Site "Minneapolis, MN"]
[Date "2018.01.20"]
[Round "2.1"]
[White "Lee, Alice"]
[Black "Hoover, Nathan"]
[Result "1-0"]
[WhiteElo "1974"]
[BlackElo "1979"]

1. d4 Nf6 2. c4 g6 3. Nc3 d5 4. cxd5 Nxd5 5. e4 Nxc3 6. bxc3 Bg7 7. Nf3 c5 8.
Be3 Nc6 9. Bc4 cxd4 10. cxd4 Qa5+ 11. Bd2 Qa3 12. d5 Nb8 13. Rb1 O-O 14. O-O
a5 15. e5 Bg4 16. Re1 Nd7 17. Bf4 Rac8 18. Bb5 Rfd8 19. Rb3 Qxa2 20. Re2 {#r}
1-0

[Event "Exerciser Quad 1: SECTION 1 (1936)"]
[Site "Minneapolis, MN"]
[Date "2018.01.20"]
[Round "2.2"]
[White "Gisselquist, Peter"]
[Black "Azar, Steven"]
[Result "1/2-1/2"]
[WhiteElo "1018"]
[BlackElo "2062"]

1. e4 e6 2. d4 d5 3. Nc3 Nf6 4. Bg5 Bb4 5. e5 h6 6. Bd2 Bxc3 7. bxc3 Ne4 8.
Bd3 Nxd2 9. Qxd2 c5 10. f4 Nc6 11. Nf3 Qa5 12. c4 Qxd2+ 13. Kxd2 dxc4 14. Bxc4
cxd4 15. Bb5 Bd7 16. Bxc6 Bxc6 17. Nxd4 O-O-O 18. Ke3 Kc7 19. Nxc6 Kxc6 20.
Rhd1 b5 21. c3 Kc5 22. Rd4 Rd5 23. a4 a6 24. axb5 axb5 25. Ra7 Rf8 26. Rc7+
Kb6 27. Rxd5 exd5 28. Rd7 Kc6 29. Ra7 Kb6 30. Rd7 Kc6 {#d} 1/2-1/2

[Event "Exerciser Quad 1: SECTION 1 (1936)"]
[Site "Minneapolis, MN"]
[Date "2018.01.20"]
[Round "3.1"]
[White "Hoover, Nathan"]
[Black "Azar, Steven"]
[Result "1-0"]
[WhiteElo "1979"]
[BlackElo "2062"]

1. e4 e6 2. d4 d5 3. Nc3 Nf6 4. Bg5 Bb4 5. e5 h6 6. Bd2 Bxc3 7. bxc3 Ne4 8.
Qg4 g6 9. Bd3 Nxd2 10. Kxd2 c5 11. Nf3 c4 12. Be2 Nc6 13. h4 Bd7 14. Qf4 Qe7
15. a4 b6 16. h5 g5 17. Qf6 Qxf6 18. exf6 O-O-O 19. Ne5 Nxe5 20. dxe5 Kc7 21.
Ke3 Bc6 22. Kd4 a5 23. Rh3 Rhg8 24. Bg4 Rb8 25. Rhh1 Rbd8 26. Rhd1 Bd7 27. Rh1
Ra8 28. g3 Rab8 29. Ke3 Kc6 30. Kd4 Kc7 31. f3 Kc6 32. Bh3 Rbe8 33. Bg2 Rb8
34. Rhd1 Rbd8 35. Bh3 Kc7 36. Ke3 Kc6 37. Kf2 Kc5 38. f4 Rde8 39. Rd4 Bc6 40.
Bg2 Rd8 41. Bf3 Bd7 42. Be2 Rde8 43. Bxc4 gxf4 44. gxf4 Rg4 45. Be2 Rgg8 46.
Rdd1 Bc6 47. Rd4 Ra8 48. Rb1 Rab8 49. Rbd1 b5 50. axb5 Bxb5 51. Bxb5 Kxb5 52.
c4+ dxc4 53. Rd7 Kb4 54. Rb1+ Kc3 55. Rxb8 Rxb8 56. Rxf7 Kxc2 57. f5 Kd3 58.
fxe6 c3 59. Rc7 a4 60. e7 a3 61. f7 a2 62. f8=Q a1=Q 63. Qxb8 Qa2+ 64. Kg3 Qa1
65. Qb5+ Ke4 66. Qe2+ Kf5 67. Qf2+ Ke4 68. e8=Q {#r} 1-0

[Event "Exerciser Quad 1: SECTION 1 (1936)"]
[Site "Minneapolis, MN"]
[Date "2018.01.20"]
[Round "3.2"]
[White "Lee, Alice"]
[Black "Gisselquist, Peter"]
[Result "1-0"]
[WhiteElo "1974"]
[BlackElo "1018"]

1. d4 d5 2. c4 Nc6 3. cxd5 Qxd5 4. Nf3 e5 5. Nc3 Bb4 6. Bd2 Bxc3 7. bxc3 e4 8.
Ng1 Nf6 9. e3 Bf5 10. Ne2 O-O 11. Nf4 Qd7 12. Bb5 a6 13. Ba4 Bg4 14. Qc2 g5
15. Ne2 Bxe2 16. Kxe2 Qg4+ 17. Kf1 b5 18. Bb3 Kh8 19. c4 b4 20. Qb2 Qf5 21.
Ba4 Ng4 22. Be1 Nxe3+ 23. Kg1 Nxc4 24. Qc2 N6a5 25. Bxb4 Rfd8 26. Qc3 Qd5 27.
Be7 Rdb8 28. Bf6+ Kg8 29. h4 e3 30. f3 Rb6 31. hxg5 Rab8 32. Qd3 Rxf6 33.
Qxh7+ Kf8 34. Qh8+ Ke7 35. Qxf6+ {#r} 1-0

[Event "Thursday Knighter I: PREMIER"]
[Site "Minneapolis, MN"]
[Date "2018.01.25"]
[Round "4.1"]
[White "Voje, Daniel"]
[Black "Zelkind, Eduard"]
[Result "0-1"]
[WhiteElo "1638"]
[BlackElo "2200"]

1. e4 e5 2. Nc3 Nf6 3. Bc4 Nc6 4. d3 Be7 5. f4 exf4 6. Bxf4 d6 7. Nge2 Na5 8.
Nd4 c6 9. Nf5 Bxf5 10. exf5 d5 11. Bb3 O-O 12. Qf3 Re8 13. O-O Qd7 14. Bg5 h6
15. Bd2 b6 16. g4 Nh7 17. Ne2 Ng5 18. Qg2 Nb7 19. Rf2 Bc5 20. d4 Be7 21. Bf4
Nd6 22. Bxd6 Qxd6 23. Ng3 Bf6 24. c3 Re3 25. Raf1 Rae8 26. Bc2 b5 27. Rf4 b4
28. h4 Nh7 29. Nh5 Bxh4 30. f6 Nxf6 31. R4f3 Nxh5 32. gxh5 bxc3 33. bxc3 Qe6
34. Bf5 Qe7 35. Qg4 Rxf3 36. Qxf3 Qg5+ 37. Kh2 Re3 {#R} 0-1

[Event "Thursday Knighter I: PREMIER"]
[Site "Minneapolis, MN"]
[Date "2018.01.25"]
[Round "4.2"]
[White "Babcock, Thomas"]
[Black "Hoover, Nathan"]
[Result "0-1"]
[WhiteElo "2030"]
[BlackElo "1979"]

1. e4 c5 2. Nf3 Nc6 3. d4 cxd4 4. Nxd4 Nf6 5. Nc3 e5 6. Ndb5 d6 7. Bg5 a6 8.
Bxf6 gxf6 9. Na3 b5 10. Nd5 Be6 11. c3 Rc8 12. Nc2 f5 13. exf5 Bxf5 14. Nce3
Be6 15. a4 Rb8 16. axb5 axb5 17. Qf3 Bg7 18. Bd3 O-O 19. O-O Ne7 20. Ra7 Nxd5
21. Nxd5 Qg5 22. Ne7+ Kh8 23. Nf5 d5 24. h4 Qf6 25. Nd6 e4 26. Qxf6 Bxf6 27.
Be2 b4 28. g3 bxc3 29. bxc3 Bxc3 30. Rc1 Be5 31. Nb5 d4 32. Rc5 Bf6 33. Bh5 d3
{#R} 0-1

[Event "Thursday Knighter I: PREMIER"]
[Site "Minneapolis, MN"]
[Date "2018.01.25"]
[Round "4.3"]
[White "Louie, Terry"]
[Black "Newhall, Peter"]
[Result "0-1"]
[WhiteElo "1506"]
[BlackElo "1067"]

1. d4 f5 2. f4 Nf6 3. Nf3 e6 4. e3 Be7 5. Bd3 b6 6. Qe2 Bb7 7. Nbd2 Ne4 8. O-O
O-O 9. c4 d6 10. Nb3 Nd7 11. Rd1 Qe8 12. d5 e5 13. Bxe4 fxe4 14. Nfd2 Qg6 15.
Nf1 Nf6 16. Ng3 Bc8 17. f5 Bxf5 18. Nxf5 Qxf5 19. Bd2 Qg6 20. a4 a5 21. c5
dxc5 22. Qc4 Kh8 23. Qe2 Rf7 24. Bc3 Bd6 25. Nd2 Nxd5 26. Nc4 Nxc3 27. bxc3
Raf8 28. Rab1 Rf2 29. Qxf2 Rxf2 30. Kxf2 Qf7+ 31. Ke1 Qxc4 32. Kf2 Qxa4 33.
Rd2 Qc4 34. Rc1 Kg8 35. Rcc2 b5 36. Ke1 Qb3 37. Kf2 b4 38. cxb4 cxb4 39. Rb2
Qc4 40. Rdc2 Qb5 41. Rd2 a4 42. Ke1 b3 43. Kf2 a3 44. Rb1 a2 45. Rxa2 bxa2 46.
Rxb5 a1=Q 47. Rb7 Qd1 48. Rb8+ Kf7 49. Rb2 Qd3 50. Re2 c5 51. Ke1 c4 52. Rf2+
Ke6 53. Re2 c3 54. Kf2 c2 55. Re1 Qd2+ {#R} 0-1

[Event "Thursday Knighter I: PREMIER"]
[Site "Minneapolis, MN"]
[Date "2018.01.25"]
[Round "4.4"]
[White "McNeil, John"]
[Black "Wisniewski, Vincent"]
[Result "0-1"]
[WhiteElo "1757"]
[BlackElo "1432"]

1. e4 Nf6 2. e5 Nd5 3. d4 d6 4. Nf3 g6 5. Be2 Bg7 6. O-O Nc6 7. c4 Nb6 8. exd6
cxd6 9. Be3 O-O 10. Nc3 d5 11. c5 Nc4 12. Bxc4 dxc4 13. d5 Nb4 14. Ne1 Bxc3
15. bxc3 Nxd5 16. Bd4 Qc7 17. Nf3 Bg4 18. h3 Bxf3 19. Qxf3 Qc6 20. Rfe1 f6 21.
Qe2 b5 22. cxb6 axb6 23. Qe4 Qd7 24. Red1 Qf5 25. f3 b5 26. Rd2 Qxe4 27. fxe4
Nf4 28. Bc5 Rfe8 29. Rd7 Kf7 30. Rb7 Ne2+ 31. Kf2 Nxc3 32. Ke3 Rab8 33. Rxb8
Rxb8 34. Bb4 Na4 35. Rb1 Rd8 36. Ba5 Rd3+ 37. Ke2 Ra3 38. Rxb5 Rxa2+ 39. Kf3
h5 40. Rb4 Ra3+ 41. Kf2 Nc5 42. Bb6 Nd3+ {#R} 0-1

[Event "Thursday Knighter I: OPEN"]
[Site "Minneapolis, MN"]
[Date "2018.01.25"]
[Round "4.2"]
[White "Wijetunge, Ivan"]
[Black "Heinisch, Michael"]
[Result "1-0"]
[WhiteElo "2055"]
[BlackElo "1300"]

1. d4 Nf6 2. Bf4 d5 3. e3 Bf5 4. c4 e6 5. Nc3 c6 6. Qb3 Qb6 7. c5 Qxb3 8. axb3
Nbd7 9. b4 Be7 10. b5 O-O 11. h3 Rfc8 12. Nf3 Ne8 13. bxc6 bxc6 14. Ba6 f6 15.
Bxc8 Rxc8 16. g4 e5 17. gxf5 exf4 18. Rxa7 Rc7 19. Rxc7 Nxc7 20. exf4 Nb8 21.
Kd2 Bd8 22. b4 Nba6 23. Rb1 Nb5 24. Nxb5 cxb5 25. Kc3 Bc7 26. Ra1 Nb8 27. Ra7
Bxf4 28. Rb7 {#r} 1-0